Avengers assemble / (Record no. 47809)
| 000 -LEADER | |
|---|---|
| fixed length control field | 00381nam a2200133 4500 |
| 020 ## - INTERNATIONAL STANDARD BOOK NUMBER | |
| International Standard Book Number | 9780785193609 |
| 100 ## - MAIN ENTRY--PERSONAL NAME | |
| Personal name | Fullerton, Charlotte |
| 9 (RLIN) | 85630 |
| 245 ## - TITLE STATEMENT | |
| Title | Avengers assemble / |
| Statement of responsibility, etc | Charlotte Fullerton & Kevin Rubio |
| 260 ## - PUBLICATION, DISTRIBUTION, ETC. (IMPRINT) | |
| Place of publication, distribution, etc | USA |
| Name of publisher, distributor, etc | Marvel |
| Date of publication, distribution, etc | 2015 |
| 300 ## - PHYSICAL DESCRIPTION | |
| Extent | unpaged. |
| Other physical details | col. ill. ; graphics |
| Dimensions | 20 cm. |
| 490 ## - SERIES STATEMENT | |
| Series statement | Marvel |
| 650 ## - SUBJECT ADDED ENTRY--TOPICAL TERM | |
| Topical term or geographic name as entry element | Juvenile Fiction |
| 9 (RLIN) | 46924 |
| 942 ## - ADDED ENTRY ELEMENTS (KOHA) | |
| Source of classification or shelving scheme | |
| Koha item type | Books/GRAPHICS |
| Withdrawn status | Lost status | Source of classification or shelving scheme | Damaged status | Not for loan | Home library | Current library | Shelving location | Date acquired | Total Checkouts | Full call number | Barcode | Date last seen | Date checked out | Price effective from | Koha item type |
|---|---|---|---|---|---|---|---|---|---|---|---|---|---|---|---|
| Asian Hope Primary Library | Asian Hope Primary Library | Junior Fiction | 11/07/2024 | 26 | J GRAPHIX FUL | 207032 | 04/08/2026 | 04/01/2026 | 11/07/2024 | Books/GRAPHICS |